00828 2200289 4500001002100000005001700021008004100038020001800079035002400097082001600121090002300137100001600160245010300176250001100279260002500290300002900315440002200344500003500366650003800401700002200439700001800461850001300479980001300492985000600505986001200511999001500523YOGYA-0209000001849220090227022855.0 ind  a979-431-351-3 0010-020900000018492 a614.5999449 a614.5999449bLee S aLEE, Kerrie aSegala sesuatu tentang payudaracKerrie Lee ; alih bahasa, Frausisea Tanoto ; editor, Anzis Kleden aCet. 1 aJakartabArcanc1998 axiv,110 hlmbilusc19 cm aKesehatan Praktis aJudul asli : All about breasts aPayudara- Perawatan dan kesehatan aTANOTO, Fransisca aKLEDEN, Anzis aYOPDYOGB a04-02-06 a1 aNDRTREV a01P0001643